000 00729nam a22002657a 4500
003 UA-OsUOA
001 41486
007 ta
008 20060927b un ||||| |||| 00| 0 ukr d
100 _aДем'янчук Г. С.
700 _aДем'янчук Б.Г.
700 _aДем'янчук А.Г.
090 _a908(477)
_bД30
942 _cBK
040 _aUA-OsUOA
_bukr
_cUA-OsUOA
_dUA-OsUOA
245 _aУкраїнське краєзнавство: сторінки історії
300 _a296 с.
955 _a2
041 _aukr
080 _a908(477)
020 _a966-8547-64-0
260 _aК.
_bПросвіта
_c2006
650 7 _a908 Краєзнавство
_2UDC
999 _c327622
_d327622